| 000 | 01782cam a22004217i 4500 | ||
|---|---|---|---|
| 999 |
_c109 _d109 |
||
| 001 | 18255178 | ||
| 003 | OSt | ||
| 005 | 20190726094607.0 | ||
| 008 | 140805s2014 nyu d 000 1 eng d | ||
| 010 | _a 2014378310 | ||
| 020 | _a9781477810972 (pbk.) | ||
| 020 | _a1477810978 (pbk.) | ||
| 035 | _a(OCoLC)ocn871430456 | ||
| 040 |
_aLAN _cLAN _erda _dAZT |
||
| 042 | _alccopycat | ||
| 043 | _aa-kr--- | ||
| 082 | 0 | 4 |
_aFIC FAR _223 |
| 100 | 1 |
_aFarley, Christina, _d1973- _eauthor |
|
| 245 | 1 | 0 |
_aGilded / _cChristina Farley. |
| 250 | _aFirst edition | ||
| 264 | 1 |
_aNew York: _bSkyscape ; _c[2014] |
|
| 300 |
_a339 pages ; _bsome ill. ; _c22 cm. |
||
| 336 |
_atext _2rdacontent |
||
| 337 |
_aunmediated _2rdamedia |
||
| 338 |
_avolume _2rdacarrier |
||
| 520 | _aSixteen-year-old Jae Hwa Lee is a Korean-American girl with a black belt, a deadly proclivity with steel-tipped arrows, and a chip on her shoulder the size of Korea itself. When her widowed dad uproots her to Seoul from her home in L.A., Jae thinks her biggest challenges will be fitting into a new school and dealing with her dismissive Korean grandfather. Then she discovers that a Korean demi-god, Haemosu, has been stealing the soul of the oldest daughter of each generation in her family for centuries. And she's next. | ||
| 521 | 1 | _aAges 12 up. | |
| 650 | 0 |
_aKorean Americans _vJuvenile fiction. |
|
| 650 | 1 |
_aKorean Americans _vFiction. |
|
| 651 | 0 |
_aSeoul (Korea) _vJuvenile fiction. |
|
| 651 | 1 |
_aSeoul (Korea) _vFiction. |
|
| 655 | 0 | _aParanormal fiction. | |
| 655 | 0 | _aYoung adult fiction. | |
| 700 |
_aKuperstock, Abby _eBook designer |
||
| 906 |
_a7 _bcbc _ccopycat _d2 _encip _f20 _gy-gencatlg |
||
| 942 |
_2ddc _cFIC |
||